000
00326 a2200109 4500
001
ART_55798
005
20260410161947.0
008
260409a
245
1
0
_a
La precontractualidad en el derecho del trabajo
100
1
_a
Tula, Diego J.
773
0
_t
Temas de derecho laboral
_g
- N° 5 (mayo 2022)
_w
REV27619
999
_c
30010
_d
30010